DIAGNÓSTICO DE LOS DESECHOS SÓLIDOS DE LOS MERCADOS DE LAS ALDEAS CHIQUIXJI, CHAMTACA, CHACALTE, COJAJ Y CAMPUR JURISDICCIÓN MUNICIPAL DE SAN PEDRO CARCHÁ, ALTA VERAPAZ/ (Registro nro. 2086)

Detalles MARC
000 -LEADER
campo de control de longitud fija 03339nam a22003377a 4500
001 - NÚMERO DE CONTROL
campo de control TIGAL 0006
003 - IDENTIFICADOR DE NÚMERO DE CONTROL
campo de control gtcocun
005 - FECHA Y HORA DE LA ÚLTIMA TRANSACCIÓN
campo de control 20250923171251.0
006 - CÓDIGOS DE INFORMACIÓN DE LONGITUD FIJA--CARACTERÍSTICAS DEL MATERIAL ADICIONAL
campo de control de longitud fija a||||gr|||| 00| 0
007 - CAMPO FIJO DE DESCRIPCIÓN FÍSICA--INFORMACIÓN GENERAL
campo de control de longitud fija ta
008 - DATOS DE LONGITUD FIJA--INFORMACIÓN GENERAL
campo de control de longitud fija 250923b2018 gt ||||| m||| 00| 0 eng d
040 ## - FUENTE DE CATALOGACIÓN
Centro catalogador/agencia de origen gtcocun
Lengua de catalogación SPA
Centro/agencia transcriptor gtcocun
Normas de descripción RDA
041 ## - CÓDIGO DE IDIOMA
Código de lengua del texto/banda sonora o título independiente SPA TIGAL 0006
084 ## - OTRO NÚMERO DE CLASIFICACIÓN
Número de control del registro de autoridad o número normalizado TIGAL 0006
100 ## - ENTRADA PRINCIPAL--NOMBRE DE PERSONA
Nombre de persona Leal Cú, Luis Fernando
Término indicativo de función/relación Autor
245 ## - MENCIÓN DEL TÍTULO
Título DIAGNÓSTICO DE LOS DESECHOS SÓLIDOS DE LOS MERCADOS DE LAS ALDEAS CHIQUIXJI, CHAMTACA, CHACALTE, COJAJ Y CAMPUR JURISDICCIÓN MUNICIPAL DE SAN PEDRO CARCHÁ, ALTA VERAPAZ/
Mención de responsabilidad, etc. Luis Fernando Leal Cú.
Medio Impreso
264 ## - PRODUCCIÓN, PUBLICACIÓN, DISTRIBUCIÓN, FABRICACIÓN Y COPYRIGHT
Producción, publicación, distribución, fabricación y copyright Cobán, Alta Verapaz:
Nombre del de productor, editor, distribuidor, fabricante Universidad de San Carlos de Guatemala, Centro Universitario del Norte, Carrera de Ingeniería en Gestión Ambiental Local
Fecha de producción, publicación, distribución, fabricación o copyright 2018
300 ## - DESCRIPCIÓN FÍSICA
Extensión 263 p.:
Otras características físicas Ilustraciones, gráficas.
Dimensiones 28 cm;
300 ## - DESCRIPCIÓN FÍSICA
Dimensiones PDF
336 ## - TIPO DE CONTENIDO
Fuente rdacontenido
Término de tipo de contenido Texto
Código de tipo de contenido txt
337 ## - TIPO DE MEDIO
Fuente rdamedio
Nombre/término del tipo de medio Computadora
Código del tipo de medio n
338 ## - TIPO DE SOPORTE
Fuente rdasoporte
Nombre/término del tipo de soporte Código en línea
Código del tipo de soporte cr
502 ## - NOTA DE TESIS
identificador de la tesis TIGAL 0006
502 ## - NOTA DE TESIS
Nota de tesis Tesis de grado
Tipo de título Carrera de Ingeniería en Gestión Ambiental Local,
Nombre de la institución que otorga el título Universidad de San Carlos de Guatemala, Centro Universitario del Norte, Carrera de Ingeniería en Gestión Ambiental Local
Año de obtención del título 2018
Identificador de la tesis TIGAL 0006
520 14 - RESUMEN, ETC.
Sumario, etc. Los mercados rurales funcionan como un punto de encuentro entre<br/>habitantes que llegan a desarrollar actividades de compra y venta de todo tipo de<br/>productos, de los cuales destacan principalmente los alimentos, es por ello que<br/>son lugares que suelen ser visitados con frecuencia para satisfacer las<br/>necesidades de la población; debido a la concurrencia que existe en los mercados<br/>se producen cantidades considerables de desechos sólidos, los cuales impactan<br/>de manera directa al ambiente y contribuyen a su contaminación.<br/><br/>En los mercados de las comunidades de Chiquixji, Chamtaca, Chacalte,<br/>Cojaj y Campur del municipio de San Pedro Carchá se presenta una situación<br/>preocupante ya que se evidenció que actualmente no poseen un sistema de<br/>manejo adecuado para los desechos sólidos lo que genera problemas<br/>ambientales como la proliferación de vectores contaminantes, la disminución de<br/>la calidad visual, las emisiones a la atmósfera por la incineración de los desechos,<br/>los riesgos de contaminación del suelo y cuerpos de agua, lo que resulta en un<br/>panorama insalubre para el desarrollo comercial de alimentos y aumenta los<br/>riesgos de enfermedades.<br/><br/>Para poder actuar sobre los problemas ambientales que se generan en<br/>los mercados a causa del manejo inadecuado de los desechos es necesario tener<br/>información sobre las cantidades y el tipo de desecho que producen, es por ello<br/>que el presente documento contiene los resultados obtenidos de la caracterización<br/>de los desechos producidos en los mercados rurales y establece propuestas para<br/>minimizar los impactos ambientales identificados.
650 14 - PUNTO DE ACCESO ADICIONAL DE MATERIA--TÉRMINO DE MATERIA
Fuente del encabezamiento o término LEMB
Término de materia o nombre geográfico como elemento de entrada Carchá, Alta Verapaz
Subdivisión general Ingeniería en Gestión Ambiental Local
-- Mercados rurales
-- Desechos sólidos
-- Ambiente
-- Contaminación
-- Problemas ambientales
700 ## - ENTRADA AGREGADA--NOMBRE PERSONAL
Nombre de persona Ing. Agr. Nery Alejandro Chocooj Barrientos
Término indicativo de función/relación Asesor
856 ## - LOCALIZACIÓN Y ACCESO ELECTRÓNICOS
Identificador Uniforme de Recurso <a href="https://drive.google.com/file/d/10-pIxMRGK7EHZ_X8g3bmZhPFYdgchT1w/view">https://drive.google.com/file/d/10-pIxMRGK7EHZ_X8g3bmZhPFYdgchT1w/view</a>
Texto de enlace PDF
Nota pública Un ejemplar en línea.
942 ## - ELEMENTOS DE ENTRADA SECUNDARIOS (KOHA)
Fuente de la clasificación o esquema de estantería Clasificación Decimal Dewey
Tipo de ítem Koha TESIS
Parte de la signatura que identifica el ejemplar (Parte del ítem) TIGAL 0006
Prefijo de la signatura Clasificación
Suprimir en OPAC No
-- TIGAL_0006_000000000000000
Existencias
Estatus retirado Estado de pérdida Fuente de la clasificación o esquema de estantería Estado de daño No para préstamo Colección Biblioteca de origen Biblioteca actual Ubicación en estantería Fecha de adquisición Número de inventario Total de préstamos Signatura topográfica completa Código de barras Visto por última vez Precio de reemplazo Tipo de ítem Koha
    Clasificación Decimal Dewey     tesis BIBLIOTECA- CUNOR -JOSÉ LUIS GONZALES ROSALES BIBLIOTECA- CUNOR -JOSÉ LUIS GONZALES ROSALES Colección tesis 23/09/2025 TIGAL 0006   TIGAL 0006 TIGAL 0006 23/09/2025 23/09/2025 TESIS